Państwa Które Wygrały Najwięcej Bitew - Statystyki

Ogólne statystyki
  • Ten quiz został rozwiązany 41 razy
  • Średni wynik to 19 z 28
Statystyki odpowiedzi
Wygranych
Bitew
Odpowiedż % Poprawnych
344 Polska
97%
560 Niemcy
92%
491 Rosja
92%
1105 Wielka Brytania
92%
1115 Francja
89%
833 Stany Zjednoczone
89%
132 Włochy
89%
387 Hiszpania
87%
244 Chiny
84%
165 Szwecja
82%
183 Japonia
76%
210 Turcja
76%
209 Austria
71%
89 Grecja
71%
110 Portugalia
71%
137 Australia
66%
114 Holandia
66%
93 Indie
66%
102 Iran
66%
82 Kanada
66%
79 Dania
63%
76 Egipt
63%
78 Korea
63%
92 Mongolia
50%
259 Rzym
32%
108 Kalifat
29%
107 Imperium Bizantyjskie
26%
128 Stany Konfederacji
26%
Nie znaleziono quizów pasujących do podanych kryteriów
Rozkład punktacji
Procent ludzi z każdym wynikiem
Percentyl według liczby udzielonych odpowiedzi
Twoja historia wyników
Nie rozwiązałeś tego quizu